000 01563nam a2200325Ia 4500
001 ebr10056841
003 CaPaEBR
006 m u
007 cr cn|||||||||
008 910131s1990 dcua sb f000 0 eng d
010 _z 90062816
020 _z0309043360 (pbk.)
040 _aCaPaEBR
_cCaPaEBR
035 _a(OCoLC)70773004
050 1 4 _aTC547
_b.E471 1990eb
082 0 4 _a627/.8
_220
245 0 0 _aEarthquake engineering for concrete dams
_h[electronic resource] :
_bdesign, performance, and research needs /
_cPanel on Earthquake Engineering for Concrete Dams, Committee on Earthquake Engineering, Division of Natural Hazard Mitigation, Commission on Engineering and Technical Systems, National Research Council.
260 _aWashington, D.C. :
_bNational Academy Press,
_c1990.
300 _ax, 143 p. :
_bill.
500 _a"Ray W. Clough, Chairman, Panel on Earthquake Engineering for Concrete Dams."
504 _aIncludes bibliographical references [p. 127-143].
533 _aElectronic reproduction.
_bPalo Alto, Calif. :
_cebrary,
_d2009.
_nAvailable via World Wide Web.
_nAccess may be limited to ebrary affiliated libraries.
650 0 _aConcrete dams
_xDesign and construction.
650 0 _aConcrete dams
_xEarthquake effects
_vCase studies.
650 0 _aEarthquake engineering.
655 7 _aElectronic books.
_2local
700 1 _aClough, Ray W.,
_d1920-
710 2 _aebrary, Inc.
856 4 0 _uhttp://site.ebrary.com/lib/rucke/Doc?id=10056841
_zAn electronic book accessible through the World Wide Web; click to view
999 _c70314
_d70314